000 00732cam a22002531 4500
001 24856
003 BD-RjUL
005 20211209001116.0
008 140315s1953 enk 001 0 eng d
035 _a(BD-RjUL)24925
035 _a(OCoLC)1070627
040 _aDLC
_cOTU
_dUk
_dDLC
_dBD-RjUL
_beng
041 _aeng
082 0 0 _221
_a 895.609
_bKEJ 1953
100 1 _aKeene, Donald.
_951408
245 1 0 _aJapanese literature :
_ban introduction for Western readers /
_c Donald Keene,
260 _aLondon :
_bJ. Murray,
_c1953
300 _ax,114 p. ;
_c21 cm.
504 _aIncludes Index
650 0 _aJapanese literature
_xHistory and criticism.
_965132
942 _2ddc
_cBK
999 _c24856
_d24856